00534nam a2200157Ia 450000500170000000800460001703700290006304000200009204100130011208400250012524500680015030000080021894200230022699900210024995201060027020250508151240.0008 250505s9999 xx 000 0 eng d aBooks to be hide in OPAC aFEDLbengcFEDL aeng2eng a312.954, CEN/OqFEDL 0aCensus of India. Paper No. 4, 1953: Special groups-1951 census. a47p cHBh312.954, CEN/O c1328619d1328619 00104070aFEDLbFEDLd2025-05-08l0o312.954, CEN/OpEL0008960r2025-05-08 15:12:41w2025-05-08yHB